Barichara

Saved in:
書目詳細資料
Main Authors: Reyna, María Soledad (Author), Castañeda Buraglia, Antonio (Author)
其他作者: Melo, Jorge Orlando (autor)
格式: 圖書
語言:西班牙语
出版: Bogotá Letrarte Editores Ltda. 2009
叢編:Pueblos
主題:
標簽: 添加標簽
沒有標簽, 成為第一個標記此記錄!

MARC

LEADER 00000cam a2200000 a 4500
001 UCF7749
003 CL-VaPUC
008 130704e20091100CK |||||||||||||||||spa|d
020 |a 9789589814765 
082 0 4 |a 779.986125  |b REY  |2 21 
100 0 |a Reyna, María Soledad  |e author  |9 569841 
700 0 |a Castañeda Buraglia, Antonio  |e author  |9 569842 
700 |a Melo, Jorge Orlando  |e autor  |9 600454 
245 1 0 |a Barichara 
300 |a pág. irreg 
942 |c BK 
945 |d 20130704 00:00:00  |a dcastane 
260 |a Bogotá  |b Letrarte Editores Ltda.  |c 2009 
650 0 |a Fotografía artística  |9 269391 
650 0 |a Historia de ciudades   |9 445863 
651 0 |a Colombia  |9 256424 
583 |a last modification  |c 20130704 11:43:00  |k Rodrigo Vera 
490 0 |a Pueblos 
999 |c 352536  |d 352534 
952 |0 0  |1 0  |4 0  |6 779_986125000000000_REY_2009  |7 0  |8 P  |9 457096  |a BIBARQ  |b BIBARQ  |d 2019-11-22  |i 498725K  |o 779.986125 REY 2009  |p 498725K  |r 2025-01-20  |w 2019-11-22  |y BK  |k ARQ